|
|
|
|
| LEADER |
00000cas a2200000 a 4500 |
| 001 |
vtls001313889 |
| 003 |
SK-MaSNL |
| 005 |
20260228155646.0 |
| 008 |
180126d19901990xo mr|p 0 0 0slo |
| 035 |
|
|
|a SNK000266319
|
| 040 |
|
|
|a SNK
|b slo
|c SNK
|e AACR2
|
| 041 |
0 |
|
|a slo
|
| 044 |
|
|
|a xo
|c SK
|
| 072 |
|
7 |
|a 63
|x Poľnohospodárstvo a príbuzné oblasti vedy a techniky
|2 konspekt
|
| 080 |
|
|
|a 63
|2 2011
|
| 080 |
|
|
|a 631.11
|2 2011
|
| 080 |
|
|
|a (051)-048.55
|2 2011
|
| 080 |
|
|
|a 050
|2 2011
|
| 245 |
0 |
0 |
|a Agronovan
|b časopis členov JRD Agrokombinát Nová Ves nad Žitavou
|
| 260 |
|
|
|a Nová Ves nad Žitavou
|b JRD Agrokombinát
|c [1990]
|
| 300 |
|
|
|a [1 zv.]
|c 43 cm
|
| 310 |
|
|
|a 1x mesačne
|
| 362 |
0 |
|
|a Roč. 5, č. 2 (28. febr. 1990)-[roč. 5, č. 12 (1990)]
|
| 650 |
0 |
7 |
|a poľnohospodárstvo
|2 SNKPH
|9 679
|
| 650 |
0 |
7 |
|a poľnohospodárske podniky
|2 SNKPH
|9 4194
|
| 655 |
|
7 |
|a špecializované časopisy
|2 SNKPH
|9 70509
|
| 710 |
0 |
|
|a JRD Agrokombinát (Nová Ves nad Žitavou, Slovensko)
|b závod TERMO
|4 pbl
|9 265102
|
| 780 |
0 |
0 |
|t Úspech
|
| 910 |
|
|
|a snk
|
| 999 |
|
|
|c 99
|d 99
|
| 952 |
|
|
|0 0
|1 0
|4 0
|7 0
|a SNK
|b SNK
|d 2002-04-05
|i snkČSP 2267/91
|l 0
|o snkČSA 1136/5/1990
|p 17A0114757
|r 2005-01-02 00:00:00
|t č. 2-12
|w 2026-02-21
|y PREZ
|